1437 1951 1648 1730 1797 1189 1133 1028 1142 1045 1287 1180 1692 1527 1399 1274 1546 1783 1863 1416 1605 1777 1748 1475 1362 1344 1237 1551 1245 1065 1749 1480 1565 1489 1775 1086 1511 1117 1669 1148 1113 1679 1017 1278 1308 1907 1684 1351 1649 1676 1745 1803 1625 1514 1512 1324 1156 1975 1233 1436 1597 1598 1729 1529 1789 1801 1967 1790 1524 1886 1967 1661 1213 1296 1890 1987 1076 1768 1534 1183 1503 1857 1587 1061 1950 1146 1157 1039 1444 1816 1069 1822 1387 1951 1887 1244 1117 1859 1747 BCNSPRNW ULIB Ver.6.0+V

เปลี่ยนเป็นภาษาไทย

Change to English
 แสดงรายละเอียดบรรณานุกรม
  กลับหน้าหลัก

Brief Record : Get Marc (ISO 2709) : E-mail record : QR code < ปิดหน้าต่าง
LEADER : 00000nam 2200000uu 4500
001    13399113608
003     ULIB
008    111201s2550||||th 000 0 tha d
020    ^a9789747503739
090    ^aนว.^bล711ร 2550
100 0  ^aลูกชุบ
245 00 ^aรักดีมั้ยเผลอใจให้ซะแล้ว/^cลูกชุบ
250    ^aพิมพ์ครั้งที่ 1
260    ^aกรุงเทพฯ :^bแจ่มใส,^c2550
300    ^a178 หน้า
710 1  ^aแจ่มใส
945    ^p139^l0^i14044
995    ^aทศพร
999    ^aใช้งานได้ทุกระบบ
รายการนี้ยังไม่มีแท็ก
คุณยังไม่ได้ล็อกอิน คุณสามารถมีกิจกรรมร่วมกับเว็บไซต์ได้ แต่ต้องล็อกอินก่อน ::
  ล็อกอิน

รายการสื่อสารสนเทศ

ลำดับที่ ประเภท เลขเรียก/บาร์โค้ด สถานที่ สถานะ
1. นวนิยาย
นวนิยาย
นว. ล711ร 2550 ฉ.1 
  Barcode: 14044
ห้องสมุดวิทยาเขตสวรรค์ประชารักษ์
►นวนิยาย
บนชั้น
  ขอยืม

รายการใกล้เคียง
    ผู้แต่ง [ลูกชุบ]

BibComment


ยังไม่เคยถูกคอมเมนท์

คอมเมนท์ทรัพยากรรายการนี้
  คอมเมนท์: รักดีมั้ยเผลอใจใ..


 Copyright 2026. Bcnsprnw @Library